[Event "Lyon ECAM IM (Women)"]
[Site "Lyon"]
[Date "2023.04.13"]
[Round "5"]
[White "Doluhanova, Evgeniya"]
[Black "Profili, Emilio"]
[Result "0-1"]
[WhiteElo "2318"]
[BlackElo "2092"]
[PlyCount "80"]
[EventDate "2023.04.10"]
[EventType "tourn"]
[EventRounds "9"]
[EventCountry "FRA"]
[SourceTitle "EXT 2024"]
[Source "ChessBase"]
[SourceDate "2023.10.10"]
[SourceVersion "1"]
[SourceVersionDate "2023.10.10"]
[SourceQuality "1"]

1. e4 e6 2. d3 d5 3. Qe2 Nf6 4. g3 Be7 5. Bg2 c5 6. e5 Nfd7 7. f4 Nc6 8. Nf3 b5 9. Nc3 b4 10. Nd1 a5 11. Nf2 Ba6 12. 0-0 Qc7 13. c4 bxc3 14. bxc3 0-0 15. h4 Rfe8 16. Ng5 h6 17. Nf3 a4 18. Ng4 Qa5 19. Bd2 Qb5 20. Nf2 Rab8 21. g4 a3 22. h5 Qa4 23. g5 Rb2 24. gxh6 Qxf4 25. Rae1 Qf5 26. hxg7 Qxh5 27. Qe3 Ndxe5 28. Nxe5 Nxe5 29. Qg3 Ng6 30. Bc1 Rxa2 31. Ng4 Kxg7 32. Bh6+ Kg8 33. Qf3 Rxg2+ 34. Qxg2 Bxd3 35. Re5 Bxf1 36. Kxf1 Qh4 37. Re2 Rb8 38. Bc1 Rb1 39. Re1 Bg5 40. Bd2 a2 0-1

[Event "Europe Echecs Blitz Nov op"]
[Site "Europe Echecs INT"]
[Date "2020.11.08"]
[Round "10"]
[White "Profili, Emilio"]
[Black "Di Nicolantonio, Lucas"]
[Result "1-0"]
[WhiteElo "2053"]
[BlackElo "2414"]
[PlyCount "69"]
[EventDate "2020.11.08"]
[EventType "swiss (blitz)"]
[EventRounds "11"]
[EventCountry "FRA"]
[SourceTitle "CBM 199 Extra"]
[Source "ChessBase"]
[SourceDate "2021.01.31"]
[SourceVersion "1"]
[SourceVersionDate "2021.01.31"]
[SourceQuality "1"]

1. e4 g6 2. d4 Bg7 3. Nc3 d6 4. Bc4 a6 5. a4 e6 6. Be3 Ne7 7. Qd2 h6 8. Nge2 b6 9. f3 Bb7 10. Bb3 c5 11. dxc5 dxc5 12. Qxd8+ Kxd8 13. 0-0-0+ Kc8 14. a5 Nd7 15. Na4 c4 16. Rxd7 Kxd7 17. Nxb6+ Kc6 18. Ba4+ Kc7 19. Nxa8+ Bxa8 20. Bb6+ Kc8 21. Rd1 Bc6 22. Bxc6 Nxc6 23. Rd6 Nb8 24. f4 g5 25. g3 gxf4 26. gxf4 Rg8 27. e5 h5 28. Rd4 Nc6 29. Rxc4 Kd7 30. Nd4 Nxd4 31. Rc7+ Kd8 32. Ra7+ Ke8 33. Ra8+ Kd7 34. Rxg8 Ne2+ 35. Kd1 1-0

[Event "FRA-ch U20"]
[Site "Europe Echecs INT"]
[Date "2020.07.12"]
[Round "9"]
[White "Bressy, Theo"]
[Black "Profili, Emilio"]
[Result "0-1"]
[WhiteElo "2289"]
[BlackElo "2053"]
[PlyCount "86"]
[EventDate "2020.07.12"]
[EventType "swiss (rapid)"]
[EventRounds "9"]
[EventCountry "FRA"]
[SourceTitle "EXT 2021"]
[Source "ChessBase"]
[SourceDate "2020.10.23"]
[SourceVersion "1"]
[SourceVersionDate "2020.10.23"]
[SourceQuality "1"]

1. e4 e6 2. Nf3 d5 3. e5 c5 4. b4 cxb4 5. d4 Nc6 6. a3 bxa3 7. c3 Bd7 8. Bd3 b5 9. Bxa3 Bxa3 10. Nxa3 a6 11. Nc2 h6 12. Qd2 Na5 13. Qf4 Ne7 14. g4 Nc4 15. h4 Nb2 16. Be2 Qc7 17. Qd2 Na4 18. Ra3 Rc8 19. Nb4 a5 20. Na2 0-0 21. 0-0 Rb8 22. Rc1 Rfc8 23. g5 h5 24. g6 fxg6 25. Kg2 Nf5 26. Qg5 Be8 27. Bd3 Qe7 28. Qxe7 Nxe7 29. Ng5 Bd7 30. Bc2 Rc7 31. Rb1 Rcb7 32. Nc1 Nf5 33. Nd3 Nxh4+ 34. Kh3 Nf5 35. Bxa4 bxa4 36. Rxb7 Rxb7 37. Nc5 Rc7 38. Nxd7 Rxd7 39. Nxe6 Rb7 40. Nc5 Rb2 41. Rxa4 Rxf2 42. Rxa5 g5 43. Ra8+ Kh7 0-1

[Event "FRA-ch U20"]
[Site "Europe Echecs INT"]
[Date "2020.07.12"]
[Round "3"]
[White "Profili, Emilio"]
[Black "Lemiere, Maxence"]
[Result "1/2-1/2"]
[WhiteElo "2053"]
[BlackElo "1618"]
[PlyCount "150"]
[EventDate "2020.07.12"]
[EventType "swiss (rapid)"]
[EventRounds "9"]
[EventCountry "FRA"]
[SourceTitle "EXT 2021"]
[Source "ChessBase"]
[SourceDate "2020.10.23"]
[SourceVersion "1"]
[SourceVersionDate "2020.10.23"]
[SourceQuality "1"]

1. e4 e5 2. Nf3 Nc6 3. Bc4 d6 4. c3 Be6 5. Bxe6 fxe6 6. Qb3 Qd7 7. Qxb7 Rb8 8. Qa6 Nf6 9. Qe2 Be7 10. 0-0 0-0 11. d4 exd4 12. cxd4 d5 13. exd5 Qxd5 14. Nc3 Qd7 15. Be3 Nd5 16. Rad1 Bb4 17. Ne4 Bd6 18. Bc1 Nf4 19. Bxf4 Rxf4 20. Nc5 Bxc5 21. dxc5 Qe7 22. Rfe1 e5 23. g3 Rfb4 24. b3 Qxc5 25. Rc1 Qd5 26. Nxe5 Re8 27. Rxc6 Rxe5 28. Qxe5 Qxc6 29. Qe7 Rb8 30. h4 h6 31. Re6 Qc1+ 32. Kg2 Qc2 33. h5 Rf8 34. Re2 Qc6+ 35. Qe4 Qb6 36. Qe6+ Kh7 37. Qxb6 axb6 38. Re7 c5 39. Rb7 Rf6 40. f4 Rd6 41. Kh3 Rd2 42. a4 Rb2 43. Rxb6 c4 44. a5 Rxb3 45. Rc6 c3 46. a6 Ra3 47. Kg4 c2 48. Rxc2 Rxa6 49. Rc7 Ra5 50. Rc4 Rd5 51. Kh4 Rd1 52. Rc5 Rd6 53. Rf5 Rd4 54. Ra5 Rd6 55. Kg4 Rc6 56. Kf5 Rb6 57. g4 Rc6 58. g5 hxg5 59. fxg5 Rc8 60. Rb5 Rd8 61. Ke6 Rc8 62. Rd5 Ra8 63. Re5 Ra6+ 64. Kf7 Ra7+ 65. Re7 Ra8 66. Rc7 Rb8 67. Ra7 Rc8 68. Rb7 Ra8 69. Re7 Rb8 70. Re8 Rb7+ 71. Re7 Rb8 72. Ke6 Rb5 73. h6 Rxg5 74. Rxg7+ Rxg7 75. hxg7 Kxg7 1/2-1/2

[Event "FRA-ch Blitz Online Qual"]
[Site "Europe Echecs INT"]
[Date "2020.05.16"]
[Round "15"]
[White "Mallassagne, Francois Eric"]
[Black "Profili, Emilio"]
[Result "1-0"]
[WhiteElo "2163"]
[BlackElo "2053"]
[PlyCount "92"]
[EventDate "2020.05.16"]
[EventType "swiss (blitz)"]
[EventRounds "15"]
[EventCountry "FRA"]
[SourceTitle "CBM 196 Extra"]
[Source "ChessBase"]
[SourceDate "2020.07.31"]
[SourceVersion "1"]
[SourceVersionDate "2020.07.31"]
[SourceQuality "1"]

1. d4 Nf6 2. Nf3 c5 3. c3 g6 4. Bg5 Bg7 5. e3 cxd4 6. cxd4 0-0 7. Bd3 d5 8. 0-0 Nc6 9. Nc3 Nb4 10. Bb1 Bg4 11. a3 Nc6 12. h3 Bxf3 13. Qxf3 e6 14. Bd3 h6 15. Bh4 Rc8 16. Rad1 g5 17. Bg3 a6 18. Na4 Nd7 19. b4 f5 20. Bd6 Rf7 21. Nc5 Nxc5 22. bxc5 Qa5 23. Ra1 Qc3 24. Qe2 f4 25. Rfc1 Qa5 26. Rcb1 Qd8 27. Rb6 Qf6 28. Rab1 Nd8 29. Be5 Qe7 30. Bd6 Qf6 31. Be5 Qe7 32. Bg6 Bxe5 33. Bxf7+ Qxf7 34. dxe5 Rxc5 35. exf4 Qxf4 36. Rd6 Nf7 37. Rxe6 Qf5 38. Re8+ Kg7 39. Rxb7 Rc1+ 40. Kh2 Rc2 41. e6 Qf4+ 42. g3 Qxf2+ 43. Qxf2 Rxf2+ 44. Kg1 Rf3 45. Rxf7+ Rxf7 46. exf7 Kxf7 1-0

[Event "FRA-ch Blitz Online Qual"]
[Site "Europe Echecs INT"]
[Date "2020.05.16"]
[Round "9"]
[White "Profili, Emilio"]
[Black "Sylvestre Baron, Laurent"]
[Result "1-0"]
[WhiteElo "2053"]
[BlackElo "1728"]
[PlyCount "83"]
[EventDate "2020.05.16"]
[EventType "swiss (blitz)"]
[EventRounds "15"]
[EventCountry "FRA"]
[SourceTitle "CBM 196 Extra"]
[Source "ChessBase"]
[SourceDate "2020.07.31"]
[SourceVersion "1"]
[SourceVersionDate "2020.07.31"]
[SourceQuality "1"]

1. e4 c5 2. Nf3 Nc6 3. Bb5 g6 4. 0-0 Bg7 5. Re1 Nf6 6. e5 Nd5 7. Nc3 e6 8. Bxc6 dxc6 9. Ne4 0-0 10. Nxc5 f5 11. exf6 Qxf6 12. d4 Nf4 13. Ne4 Qf5 14. Nd6 Nh3+ 15. Kf1 Qf6 16. Ne4 Qf5 17. Nd6 Qf6 18. gxh3 Qxf3 19. Qxf3 Rxf3 20. Kg2 Rf8 21. c3 Bd7 22. Nxb7 c5 23. Nxc5 Bc6+ 24. Kg1 Rf3 25. Re3 Raf8 26. Nxe6 Rxf2 27. Nxf8 Rg2+ 28. Kf1 Bxf8 29. Rg3 Rxh2 30. b3 Bd6 31. Rg1 Rxh3 32. Bd2 Rf3+ 33. Ke2 Bg3 34. Raf1 Rxf1 35. Rxf1 Bd7 36. Bh6 Bg4+ 37. Kd3 Bd6 38. c4 Bf5+ 39. Kc3 g5 40. c5 Bf4 41. Bxg5 Bxg5 42. Rxf5 1-0

[Event "FRA-ch U18"]
[Site "Hyeres"]
[Date "2019.04.15"]
[Round "3"]
[White "Arnaud, Aurelien"]
[Black "Profili, Emilio"]
[Result "1-0"]
[WhiteElo "2174"]
[BlackElo "1943"]
[PlyCount "107"]
[EventDate "2019.04.14"]
[EventType "swiss"]
[EventRounds "9"]
[EventCountry "FRA"]
[SourceTitle "CBM 190 Extra"]
[Source "ChessBase"]
[SourceDate "2019.07.15"]
[SourceVersion "1"]
[SourceVersionDate "2019.07.15"]
[SourceQuality "1"]

1. d4 e6 2. c4 Nf6 3. g3 d5 4. Nf3 dxc4 5. Qa4+ Bd7 6. Qxc4 Bc6 7. Bg2 Nbd7 8. Nc3 Be7 9. 0-0 0-0 10. Rd1 Nb6 11. Qd3 Na4 12. Nxa4 Bxa4 13. b3 Bc6 14. Bg5 Be4 15. Qe3 Qd5 16. Bxf6 gxf6 17. Nh4 Bxg2 18. Nxg2 Rfd8 19. Nf4 Qf5 20. d5 e5 21. Ng2 Rd7 22. Nh4 Qg4 23. Rac1 b5 24. Qd3 e4 25. Qxb5 Rad8 26. Ng2 c5 27. Qc4 f5 28. Rc2 Bd6 29. Rcd2 Re7 30. e3 h5 31. Qe2 Qg5 32. f4 exf3 33. Qxf3 Rde8 34. Rd3 Re4 35. Kf2 a5 36. Nf4 h4 37. Rg1 Kf8 38. Ng2 hxg3+ 39. hxg3 a4 40. Rh1 c4 41. bxc4 Rxc4 42. Rd2 Ree4 43. Rh5 Bxg3+ 44. Ke2 Qg6 45. Rxf5 Be5 46. d6 Rg4 47. Ne1 Rc8 48. Rxe5 Kg7 49. Re7 Rg5 50. d7 Rh8 51. Qxf7+ Qxf7 52. Rxf7+ Kxf7 53. d8Q Rxd8 54. Rxd8 1-0